[Event "Figueres op 12th"]
[Site "Figueres"]
[Date "2011.08.17"]
[Round "8"]
[White "Perez Mondejar, Adler"]
[Black "Garcia, Richard"]
[Result "1/2-1/2"]
[WhiteElo "1348"]
[BlackElo "1763"]
[PlyCount "87"]
[EventDate "2011.08.11"]
[EventType "swiss"]
[EventRounds "9"]
[EventCountry "ESP"]
[SourceTitle "CBM 143 Extra"]
[Source "ChessBase"]
[SourceDate "2011.08.29"]
[SourceVersion "1"]
[SourceVersionDate "2011.08.29"]
[SourceQuality "1"]

1. e4 e6 2. d4 d5 3. exd5 exd5 4. Nf3 Nc6 5. Bb5 Bd6 6. 0-0 Nge7 7. c4 dxc4 8. d5 a6 9. Bxc4 Nb4 10. Nc3 b5 11. Bb3 Bb7 12. Kh1 c6 13. dxc6 Nbxc6 14. Be3 0-0 15. Bg5 Kh8 16. Ne4 Bb4 17. a3 f6 18. axb4 fxg5 19. Nexg5 Qxd1 20. Raxd1 h6 21. Ne6 Rxf3 22. gxf3 Ne5 23. Rd8+ Rxd8 24. Nxd8 Bxf3+ 25. Kg1 Ba8 26. Nf7+ Nxf7 27. Bxf7 g5 28. Re1 Nf5 29. Re8+ Kg7 30. Rxa8 Kxf7 31. Rxa6 h5 32. Ra5 Nd4 33. Kf1 Ke6 34. Ke1 Kd5 35. b3 Ke4 36. Ra2 Nf3+ 37. Ke2 Nxh2 38. Ra5 Nf3 39. Kf1 Nd4 40. Kg2 Kd3 41. Ra8 Kc3 42. Rh8 Ne6 43. Re8 Nf4+ 44. Kf3 1/2-1/2

[Event "Figueres op 12th"]
[Site "Figueres"]
[Date "2011.08.16"]
[Round "7"]
[White "Garcia, Richard"]
[Black "Colomer Camarasa, Jordi"]
[Result "0-1"]
[WhiteElo "1763"]
[BlackElo "1947"]
[PlyCount "52"]
[EventDate "2011.08.11"]
[EventType "swiss"]
[EventRounds "9"]
[EventCountry "ESP"]
[SourceTitle "CBM 143 Extra"]
[Source "ChessBase"]
[SourceDate "2011.08.29"]
[SourceVersion "1"]
[SourceVersionDate "2011.08.29"]
[SourceQuality "1"]

1. d4 g6 2. c4 Bg7 3. Nc3 c5 4. d5 Bxc3+ 5. bxc3 f5 6. Qc2 Nf6 7. Nf3 d6 8. Nd2 Nbd7 9. f4 Qa5 10. e3 Nb6 11. Bd3 Bd7 12. Nb3 Qa6 13. 0-0 Ne4 14. Bd2 Qa4 15. Rad1 Nf6 16. Be1 Nxc4 17. Bxc4 Qxc4 18. Na5 Qa4 19. Qxa4 Bxa4 20. Rb1 b6 21. Nc4 Nxd5 22. Nb2 Bc6 23. Bd2 Nf6 24. Nd1 Ne4 25. Bc1 Ba4 26. Bb2 Nd2 0-1

[Event "Figueres op 12th"]
[Site "Figueres"]
[Date "2011.08.13"]
[Round "3"]
[White "Garcia, Richard"]
[Black "Balague Canadell, Jordi"]
[Result "0-1"]
[WhiteElo "1763"]
[BlackElo "2063"]
[PlyCount "44"]
[EventDate "2011.08.11"]
[EventType "swiss"]
[EventRounds "9"]
[EventCountry "ESP"]
[SourceTitle "CBM 143 Extra"]
[Source "ChessBase"]
[SourceDate "2011.08.29"]
[SourceVersion "1"]
[SourceVersionDate "2011.08.29"]
[SourceQuality "1"]

1. d4 d5 2. c4 e6 3. Nf3 Nf6 4. g3 Be7 5. Bg2 0-0 6. 0-0 dxc4 7. Nbd2 c5 8. e3 Nc6 9. Nxc4 Bd7 10. dxc5 Bxc5 11. b3 Qe7 12. Bb2 Rfd8 13. Qe2 a5 14. Nce5 Be8 15. Rfd1 Ba3 16. Nc4 Bxb2 17. Qxb2 b5 18. Nce5 Rac8 19. Rac1 Rxd1+ 20. Rxd1 b4 21. Rc1 Qd8 22. Qd2 Nxe5 0-1

[Event "Figueres op 12th"]
[Site "Figueres"]
[Date "2011.08.12"]
[Round "2"]
[White "Garcia, Richard"]
[Black "Lopez, Charles"]
[Result "1-0"]
[WhiteElo "1763"]
[BlackElo "1395"]
[PlyCount "85"]
[EventDate "2011.08.11"]
[EventType "swiss"]
[EventRounds "9"]
[EventCountry "ESP"]
[SourceTitle "CBM 143 Extra"]
[Source "ChessBase"]
[SourceDate "2011.08.29"]
[SourceVersion "1"]
[SourceVersionDate "2011.08.29"]
[SourceQuality "1"]

1. d4 d5 2. c4 c6 3. g3 Nf6 4. Nf3 Nbd7 5. b3 e6 6. Bg2 Be7 7. 0-0 0-0 8. Bb2 b6 9. Nc3 a5 10. Ne5 Bb7 11. e4 Qc7 12. cxd5 exd5 13. Re1 Rad8 14. Qd2 Bb4 15. a3 Bxc3 16. Qxc3 dxe4 17. Rac1 Nxe5 18. dxe5 Nd5 19. Qc2 f5 20. exf6 Nxf6 21. Bxf6 gxf6 22. Rxe4 c5 23. Rf4 Bxg2 24. Kxg2 Rd7 25. Re1 Rg7 26. Qc4+ Qf7 27. Qxf7+ Kxf7 28. Rd1 h5 29. Rd6 Ke7 30. Rxb6 Rg4 31. Rf5 Rg5 32. Rxg5 fxg5 33. Rb5 Kd6 34. Rxa5 g4 35. b4 c4 36. Rc5 Ra8 37. Rxc4 Rxa3 38. Rc5 Rb3 39. Rxh5 Rxb4 40. Rf5 Ke6 41. Rf4 Rxf4 42. gxf4 Kf5 43. Kg3 1-0

[Event "Figueres op 11th"]
[Site "Figueres"]
[Date "2010.08.18"]
[Round "9"]
[White "Vilar Lopez, Monica"]
[Black "Garcia, Richard"]
[Result "1/2-1/2"]
[WhiteElo "2166"]
[BlackElo "1761"]
[PlyCount "62"]
[EventDate "2010.08.11"]
[EventType "swiss"]
[EventRounds "9"]
[EventCountry "ESP"]
[SourceTitle "CBM 137 Extra"]
[Source "ChessBase"]
[SourceDate "2010.09.01"]
[SourceVersion "1"]
[SourceVersionDate "2010.09.01"]
[SourceQuality "1"]

1. e4 e6 2. d4 d5 3. e5 c5 4. c3 Qb6 5. Nf3 Nc6 6. Be2 cxd4 7. cxd4 Nh6 8. Nc3 Nf5 9. Na4 Qa5+ 10. Bd2 Bb4 11. Bc3 Bxc3+ 12. Nxc3 Bd7 13. Qd2 a6 14. 0-0 0-0 15. Rab1 b5 16. b3 Rac8 17. Rbc1 Rc7 18. g4 Nfe7 19. Bd3 f5 20. exf6 gxf6 21. Qh6 Rf7 22. Ne2 Rc8 23. Nf4 Kh8 24. Kh1 Qd8 25. Nh4 e5 26. dxe5 Nxe5 27. Nfg6+ N7xg6 28. Nxg6+ Nxg6 29. Bxg6 Rg7 30. Bf5 Bxf5 31. gxf5 d4 1/2-1/2

[Event "Figueres op 11th"]
[Site "Figueres"]
[Date "2010.08.17"]
[Round "8"]
[White "Garcia, Richard"]
[Black "Lazaro Porta, Angel"]
[Result "1-0"]
[WhiteElo "1761"]
[BlackElo "1974"]
[PlyCount "79"]
[EventDate "2010.08.11"]
[EventType "swiss"]
[EventRounds "9"]
[EventCountry "ESP"]
[SourceTitle "CBM 137 Extra"]
[Source "ChessBase"]
[SourceDate "2010.09.01"]
[SourceVersion "1"]
[SourceVersionDate "2010.09.01"]
[SourceQuality "1"]

1. d4 Nf6 2. c4 e6 3. Nf3 c5 4. d5 exd5 5. cxd5 d6 6. Nc3 g6 7. e4 Bg7 8. Bb5+ Nfd7 9. 0-0 0-0 10. a4 a6 11. Be2 Re8 12. Be3 Nf6 13. Nd2 Nbd7 14. f4 Nb6 15. Bf2 h5 16. Bh4 Qc7 17. a5 Nbd7 18. h3 b5 19. axb6 Nxb6 20. Qc2 Nh7 21. Nf3 f5 22. e5 Bb7 23. Rad1 dxe5 24. d6 Qd7 25. Qb3+ c4 26. Qxb6 e4 27. Bxc4+ Kh8 28. Ng5 Nxg5 29. Bxg5 Rec8 30. Qb3 Bc6 31. Be6 Qa7+ 32. Kh2 Rab8 33. Qa2 Bd7 34. Bxd7 Qxd7 35. Qa4 Rc6 36. Be7 Rxb2 37. Rc1 Rb7 38. Nd5 Rxc1 39. Qxd7 Rxd7 40. Rxc1 1-0

[Event "Figueres op 11th"]
[Site "Figueres"]
[Date "2010.08.14"]
[Round "5"]
[White "Gallegos Saliner, Josep M"]
[Black "Garcia, Richard"]
[Result "0-1"]
[WhiteElo "1560"]
[BlackElo "1761"]
[PlyCount "28"]
[EventDate "2010.08.11"]
[EventType "swiss"]
[EventRounds "9"]
[EventCountry "ESP"]
[SourceTitle "CBM 137 Extra"]
[Source "ChessBase"]
[SourceDate "2010.09.01"]
[SourceVersion "1"]
[SourceVersionDate "2010.09.01"]
[SourceQuality "1"]

1. e4 e6 2. d4 d5 3. Nd2 dxe4 4. Nxe4 Bd7 5. Nf3 Bc6 6. Nc3 Nd7 7. Bb5 Bxb5 8. Nxb5 c6 9. Nc3 Bd6 10. Bg5 Qc7 11. Qd2 Ngf6 12. 0-0-0 h6 13. Bh4 Bf4 14. Bg3 Bxd2+ 0-1

[Event "Figueres op 11th"]
[Site "Figueres"]
[Date "2010.08.11"]
[Round "1"]
[White "Sorbe, Stephane"]
[Black "Garcia, Richard"]
[Result "1-0"]
[WhiteElo "2358"]
[BlackElo "1761"]
[PlyCount "93"]
[EventDate "2010.08.11"]
[EventType "swiss"]
[EventRounds "9"]
[EventCountry "ESP"]
[SourceTitle "CBM 137 Extra"]
[Source "ChessBase"]
[SourceDate "2010.09.01"]
[SourceVersion "1"]
[SourceVersionDate "2010.09.01"]
[SourceQuality "1"]

1. e4 e6 2. d4 d5 3. Nd2 dxe4 4. Nxe4 Bd7 5. Nf3 Bc6 6. Bd3 Nd7 7. Qe2 Ngf6 8. Bg5 Be7 9. 0-0 Nxe4 10. Bxe7 Qxe7 11. Bxe4 Bxe4 12. Qxe4 c6 13. Rad1 0-0 14. Rfe1 Qb4 15. b3 Qa5 16. Qd3 Rad8 17. c4 Rfe8 18. Qe2 Qf5 19. b4 g5 20. h3 g4 21. Nh4 Qg5 22. Qxg4 Qxg4 23. hxg4 Nb6 24. c5 Nd5 25. a3 Rd7 26. Nf5 Red8 27. Nd6 Nf6 28. f3 Ne8 29. Nxe8 Rxe8 30. Kf2 Red8 31. Re4 Rd5 32. Ke3 e5 33. Rd3 f6 34. f4 exf4+ 35. Kxf4 Kf7 36. Rh3 Kg6 37. Ke3 R8d7 38. Rf3 Kg7 39. Rf5 Kg6 40. Rxd5 cxd5 41. Re8 Kf7 42. Rb8 Kg6 43. b5 h5 44. gxh5+ Kxh5 45. Ra8 b6 46. c6 Re7+ 47. Kf3 1-0